30 Tracklist (Adele) - Statistics

General Stats
  • This quiz has been taken 41 times
  • The average score is 11 of 12
Answer Stats
Hint Answer % Correct
2 Easy On Me
100%
8 All Night Parking Interlude(with Erroll Garner)
96%
4 Cry Your Heart Out
96%
7 I Drink Wine
96%
3 My Little Love
96%
5 Oh My God
96%
10 Hold On
92%
12 Love Is A Game
92%
1 Strangers By Nature
92%
11 To Be Loved
92%
9 Woman Like Me
92%
6 Can I Get It
81%
No matching quizzes found
Score Distribution
Percent of People with Each Score
Percentile by Number Answered
Your Score History
You have not taken this quiz